Entrepreneurs (Record no. 14030)
[ view plain ]
| 000 -LEADER | |
|---|---|
| fixed length control field | 00357nam a22001577a 4500 |
| 003 - CONTROL NUMBER IDENTIFIER | |
| control field | OSt |
| 005 - DATE AND TIME OF LATEST TRANSACTION | |
| control field | 20211021101530.0 |
| 008 - FIXED-LENGTH DATA ELEMENTS--GENERAL INFORMATION | |
| fixed length control field | 211021b |||||||| |||| 00| 0 eng d |
| 040 ## - CATALOGING SOURCE | |
| Transcribing agency | HU |
| 082 ## - DEWEY DECIMAL CLASSIFICATION NUMBER | |
| Classification number | 338.04 |
| 100 ## - MAIN ENTRY--PERSONAL NAME | |
| Personal name | Werotaw Bezabih Assefa |
| 9 (RLIN) | 14810 |
| 245 ## - TITLE STATEMENT | |
| Title | Entrepreneurs |
| 260 ## - PUBLICATION, DISTRIBUTION, ETC. | |
| Date of publication, distribution, etc. | 2010 |
| 300 ## - PHYSICAL DESCRIPTION | |
| Extent | VIII273P |
| Other physical details | PC |
| Dimensions | 22CM |
| 942 ## - ADDED ENTRY ELEMENTS (KOHA) | |
| Source of classification or shelving scheme | Dewey Decimal Classification |
| Koha item type | Books like text book referance book |
| Suppress in OPAC | No |
| Withdrawn status | Lost status | Source of classification or shelving scheme | Damaged status | Not for loan | Collection code | Home library | Current library | Shelving location | Date acquired | Full call number | Barcode | Date last seen | Copy number | Price effective from | Koha item type |
|---|---|---|---|---|---|---|---|---|---|---|---|---|---|---|---|
| Dewey Decimal Classification | Reference | Wondo Genet Library | Wondo Genet Library | General Stacks | 10/21/2021 | 338.04WER 2010 | WGCFNRL00004625 | 10/21/2021 | 1 | 10/21/2021 | Books like text book referance book | ||||
| Dewey Decimal Classification | Reference | Wondo Genet Library | Wondo Genet Library | General Stacks | 10/21/2021 | 338.04WER 2010 | WGCFNRL00004626 | 10/21/2021 | 2 | 10/21/2021 | Books like text book referance book | ||||
| Dewey Decimal Classification | Reference | Wondo Genet Library | Wondo Genet Library | General Stacks | 10/21/2021 | 338.04WER 2010 | WGCFNRL00004627 | 10/21/2021 | 3 | 10/21/2021 | Books like text book referance book |